000 00684nam a2200265Ia 4500
005 20260302115559.0
008 008 260114s9999 xx 000 0 eng d
020 _a9781350492752
037 _aTextbook
040 _aCRL
040 _beng
040 _cCRL
041 _2eng
041 _aeng
084 _qCRL
100 _aMargarete Rubik
_91122053
245 0 _aEarly Women Dramatists 1550–1801
260 _bBloomsbury
260 _bThe Arden Shakespeare
260 _c2016
650 _aLiterary Studies
856 _uhttps://doi.org/10.1007/978-1-349-26275-5?locatt=label:secondary_bloomsburyCollections
942 _cEBOOK
999 _c1686727
_d1686727